| 000 | 01741 a2200253 4500 | ||
|---|---|---|---|
| 001 | 4474 | ||
| 005 | 20260407155435.0 | ||
| 008 | 260407a1990 arg spa d | ||
| 003 | AR-UNSa-BCEJYS | ||
| 040 |
_aAR-UNSa-BCEJYS _bspa _cAR-UNSa-BCEJYS |
||
| 080 |
_a657 _xContabilidad |
||
| 245 | 1 | 0 | _aTratado de contabilidad intermedia y superior |
| 020 | _a950-537-161-6 | ||
| 250 | _a3a. ed. | ||
| 264 | 1 |
_aBuenos Aires : _bEdiciones Macchi _c1990 |
|
| 300 |
_a2 v. _c22 cm. |
||
| 505 | _aVol. 1: 1. Introducción - 2. Mediación-valuación - 3. Teoría contable básica - 4. Preparación y presentación de la información contable - 5. El tiempo en la vida de las empresas. Momentos y períodos - 6. Estructura patrimonial de la empresa - 7. Caja y bancos - 8. Inversiones temporarias - 9. Cuentas por cobrar - 10. Bienes de cambio - 11. Inversiones permanentes - Vol. 2: 12. Inversiones permanentes en acciones. Combinaciones de negocios - 13. Bienes de uso o propiedad, planta y equipo - 14. Activos intangibles - 15. Compromisos. Cuentas por pagar. Deudas - 16. Pasivo contingente - 17. Otros pasivos - 18. Operaciones en moneda extranjera - 19. Capital propio. Patrimonio neto. Aportes de los propietarios - 20. Los resultados del ejercicio económico - 21. Soluciones parciales - 22. Soluciones integrales. Ajuste por inflación - 23. Cambios en la posición financiera de la empresa - 24. Conversión de estados contables a moneda extranjera. Teoría y práctica | ||
| 942 | _cBK | ||
| 590 | _aniveau_biblio:m niveau_hierar:0 | ||
| 100 | 1 | _aBiondi, Mario | |
| 700 | 1 | _aBiondi, Mario (h) | |
| 700 | 1 | _aColamussi, Rosa Teresa | |
| 856 | 4 | 1 |
_uhttps://www.biblioeco.unsa.edu.ar/pmb/images/libros/L53158.jpg _yImagen de portada _qimage/jpeg |
| 999 |
_c428 _d428 |
||